| 000 | 00925cam a2200277 a 4500 | ||
|---|---|---|---|
| 001 | 14606163 | ||
| 005 | 20180308075753.0 | ||
| 008 | 061023s2007 nyu b 001 0 eng | ||
| 010 | _a 2006034506 | ||
| 015 |
_aGBA6A4549 _2bnb |
||
| 016 | 7 |
_a013624730 _2Uk |
|
| 020 | _a9781419596087 | ||
| 020 | _a141959608X | ||
| 035 | _a(OCoLC)ocm74568478 | ||
| 040 |
_aDLC _cDLC _dYDX _dBAKER _dBTCTA _dYDXCP _dVP@ _dUKM _dAFQ _dCQU _dDLC |
||
| 041 | _aeng | ||
| 080 | _a332.024 PAN | ||
| 082 | 0 | 0 |
_a332.024 PAN _222 |
| 100 | 1 | _a56 | |
| 101 | _aFIN | ||
| 245 | 1 | 0 |
_aFinancial armageddon : _cMichael J. Panzner. |
| 504 | _aIncludes bibliographical references (p. 187-231) and index. | ||
| 906 |
_a7 _bcbc _corignew _d1 _eecip _f20 _gy-gencatlg |
||
| 942 |
_2ddc _cBK |
||
| 999 |
_c44481 _d44481 |
||